[Event "41. Torneo Internacional de La Roda"]
[Site "La Roda ESP"]
[Date "2014.04.16"]
[Round "1.1"]
[White "Gonzalez Pabollet, Jesus Maria"]
[Black "Peralta, Fernando"]
[Result "0-1"]
[WhiteElo "1935"]
[BlackElo "2615"]
[PlyCount "74"]
[EventDate "2014.04.16"]
[EventType "swiss"]
[EventRounds "9"]
[EventCountry "ESP"]
[Source "lmi"]
[SourceDate "2014.04.16"]

1. e4 d6 2. d4 Nf6 3. f3 c5 4. d5 e5 5. Bg5 Be7 6. Be3 O-O 7. Bd3 Nh5 8. Ne2
Bg5 9. Qd2 Bxe3 10. Qxe3 Na6 11. Bxa6 Qa5+ 12. Nd2 Qxa6 13. O-O f5 14. Qd3 b5
15. c4 Qb6 16. Kh1 Bd7 17. b3 a6 18. Qe3 f4 19. Qf2 Qa5 20. Rfd1 Rf6 21. Qe1
Qd8 22. Qh4 Qe8 23. Nf1 Rh6 24. Qf2 g5 25. g4 Nf6 26. Qg2 Rh4 27. Rd2 h5 28.
gxh5 Qxh5 29. Ng1 Kf7 30. Rb2 g4 31. fxg4 Rxg4 32. Qe2 Rag8 33. Nf3 Rg2 34.
Qxg2 Rxg2 35. Kxg2 Bh3+ 36. Kf2 Nxe4+ 37. Ke2 Ng5 0-1

[Event "41. Torneo Internacional de La Roda"]
[Site "La Roda ESP"]
[Date "2014.04.16"]
[Round "1.2"]
[White "Perez Candelario, Manuel"]
[Black "Gomez Roca, Vicente Fernando"]
[Result "1-0"]
[WhiteElo "2561"]
[BlackElo "1929"]
[PlyCount "95"]
[EventDate "2014.04.16"]
[EventType "swiss"]
[EventRounds "9"]
[EventCountry "ESP"]
[Source "lmi"]
[SourceDate "2014.04.16"]

1. e4 e5 2. Nf3 Nc6 3. Bb5 a6 4. Ba4 Nf6 5. O-O b5 6. Bb3 Be7 7. Re1 O-O 8. d3
d6 9. a3 Bg4 10. c3 Na5 11. Ba2 c5 12. Nbd2 Nc6 13. Nf1 Be6 14. a4 Bxa2 15.
Rxa2 b4 16. Ne3 d5 17. Qc2 d4 18. Nc4 dxc3 19. bxc3 Rb8 20. Ra1 Nd7 21. Bb2 f6
22. Nfd2 bxc3 23. Qxc3 Nb6 24. h3 Nb4 25. Ra3 Qd7 26. Nxb6 Rxb6 27. Nc4 Rb7 28.
Rd1 Nc6 29. Ne3 Qd4 30. Ra2 Rfb8 31. Ba1 Rb1 32. Qc2 Rxd1+ 33. Qxd1 Qd7 34. Bc3
Nd4 35. Bxd4 cxd4 36. Nd5 Kf8 37. Rc2 Rb7 38. Qh5 h6 39. Rc4 Bd6 40. Qg6 f5 41.
a5 fxe4 42. Nb6 Rxb6 43. axb6 e3 44. fxe3 dxe3 45. b7 Bc7 46. Qc6 e2 47. Qxd7
e1=Q+ 48. Kh2 1-0

[Event "41. Torneo Internacional de La Roda"]
[Site "La Roda ESP"]
[Date "2014.04.16"]
[Round "1.3"]
[White "Gerona Maura, Jesus"]
[Black "Burmakin, Vladimir"]
[Result "0-1"]
[WhiteElo "1921"]
[BlackElo "2561"]
[PlyCount "68"]
[EventDate "2014.04.16"]
[EventType "swiss"]
[EventRounds "9"]
[EventCountry "ESP"]
[Source "lmi"]
[SourceDate "2014.04.16"]

1. e4 c6 2. d4 d5 3. Nc3 g6 4. e5 Bg7 5. Be2 h5 6. h3 Bf5 7. Nf3 e6 8. a3 Bf8
9. Be3 Qb6 10. b4 Nd7 11. Nh4 Qd8 12. Nf3 a5 13. b5 c5 14. Na4 Rc8 15. Bd3 cxd4
16. Bxd4 Nc5 17. Nxc5 Bxc5 18. c3 Ne7 19. O-O Bxd3 20. Qxd3 O-O 21. Nd2 Nf5 22.
Nb3 Bxd4 23. cxd4 Rc4 24. Qd2 a4 25. Nc5 Rxd4 26. Qb2 Qe7 27. Rac1 b6 28. Na6
Qg5 29. Rc3 Re4 30. Nb4 Nd4 31. Rg3 Qxe5 32. Nd3 Qd6 33. Re3 Rc8 34. Rc1 Rxc1+
0-1

[Event "41. Torneo Internacional de La Roda"]
[Site "La Roda ESP"]
[Date "2014.04.16"]
[Round "1.4"]
[White "Matamoros Franco, Carlos S"]
[Black "Perez Gisbert, Santiago"]
[Result "1-0"]
[WhiteElo "2537"]
[BlackElo "1907"]
[PlyCount "41"]
[EventDate "2014.04.16"]
[EventType "swiss"]
[EventRounds "9"]
[EventCountry "ESP"]
[Source "lmi"]
[SourceDate "2014.04.16"]

1. Nf3 e6 2. c4 Nf6 3. g3 b6 4. Bg2 Bb7 5. O-O Be7 6. Re1 O-O 7. Nc3 d6 8. e4
Nbd7 9. d4 c5 10. e5 Ne8 11. d5 exd5 12. Nxd5 Nxe5 13. Nxe5 dxe5 14. Rxe5 Bd6
15. Re1 Bc6 16. b3 Nc7 17. Bb2 Nxd5 18. Bxd5 Qc7 19. Qg4 g6 20. Qg5 Bxd5 21.
Qf6 1-0

[Event "41. Torneo Internacional de La Roda"]
[Site "La Roda ESP"]
[Date "2014.04.16"]
[Round "1.5"]
[White "Sevillano Garcia, Joaquin"]
[Black "Strikovic, Aleksa"]
[Result "0-1"]
[WhiteElo "1895"]
[BlackElo "2533"]
[PlyCount "68"]
[EventDate "2014.04.16"]
[EventType "swiss"]
[EventRounds "9"]
[EventCountry "ESP"]
[Source "lmi"]
[SourceDate "2014.04.16"]

1. d4 d6 2. Nf3 g6 3. Nc3 Bg7 4. e4 Nf6 5. Bg5 c6 6. Qd2 O-O 7. Be2 b5 8. a3
Nbd7 9. O-O Qc7 10. Rfe1 e5 11. dxe5 dxe5 12. Rad1 Re8 13. Bh6 Nc5 14. Bxg7
Kxg7 15. Qe3 Ne6 16. Bf1 Bb7 17. Nh4 h6 18. Ne2 Kh7 19. Ng3 a6 20. Nf3 c5 21.
c3 c4 22. h4 Ng4 23. Qc1 Qb6 24. Qc2 Rad8 25. Nh2 Nf6 26. Nf3 Rxd1 27. Rxd1 Nc5
28. Re1 Ng4 29. Nh2 Nxh2 30. Kxh2 h5 31. Qd2 Qf6 32. Qe3 Qxh4+ 33. Kg1 Qe7 34.
Rd1 h4 0-1

[Event "41. Torneo Internacional de La Roda"]
[Site "La Roda ESP"]
[Date "2014.04.16"]
[Round "1.6"]
[White "Maiorov, Nikita"]
[Black "Martins, Guilherme Pires Tav"]
[Result "1-0"]
[WhiteElo "2522"]
[BlackElo "1887"]
[PlyCount "65"]
[EventDate "2014.04.16"]
[EventType "swiss"]
[EventRounds "9"]
[EventCountry "ESP"]
[Source "lmi"]
[SourceDate "2014.04.16"]

1. d4 Nf6 2. c4 e6 3. Nc3 Bb4 4. Qc2 O-O 5. a3 Bxc3+ 6. Qxc3 b6 7. Bg5 Bb7 8.
e3 d6 9. Nf3 Nbd7 10. Nd2 c5 11. dxc5 dxc5 12. Bd3 Qc7 13. f3 Qe5 14. Qxe5 Nxe5
15. Bc2 Rfd8 16. b3 Rd7 17. Ke2 h6 18. Bh4 Rad8 19. Rhd1 g5 20. Bg3 Nc6 21. Nf1
Rxd1 22. Bxd1 Nh5 23. Be1 Rd7 24. Bc3 Ng7 25. Nd2 f5 26. b4 cxb4 27. axb4 Ba8
28. Nb3 Ne8 29. b5 Nd8 30. Be5 Nf7 31. Bb8 Nfd6 32. Nd4 Nxc4 33. Bb3 1-0

[Event "41. Torneo Internacional de La Roda"]
[Site "La Roda ESP"]
[Date "2014.04.16"]
[Round "1.7"]
[White "Fernandez Alvarez, Luis"]
[Black "Del Rio De Angelis, Salvador G"]
[Result "0-1"]
[WhiteElo "1886"]
[BlackElo "2507"]
[PlyCount "114"]
[EventDate "2014.04.16"]
[EventType "swiss"]
[EventRounds "9"]
[EventCountry "ESP"]
[Source "lmi"]
[SourceDate "2014.04.16"]

1. e4 d6 2. d4 Nf6 3. Nc3 e5 4. Nf3 Nbd7 5. Bc4 Be7 6. O-O O-O 7. Re1 c6 8. a4
a5 9. b3 exd4 10. Nxd4 Nb6 11. Bf1 d5 12. exd5 Nbxd5 13. Nxd5 Nxd5 14. Ba3 Bxa3
15. Rxa3 Qg5 16. Nf3 Qf6 17. Qd4 Qxd4 18. Nxd4 Bg4 19. Raa1 Rfd8 20. f3 Bh5 21.
Re5 Bg6 22. Rae1 Kf8 23. Bc4 Nc3 24. Nf5 f6 25. Re7 b5 26. axb5 cxb5 27. Be6
Bxf5 28. Bxf5 Re8 29. Rxe8+ Rxe8 30. Rxe8+ Kxe8 31. Bxh7 a4 32. bxa4 bxa4 33.
Bg8 Ke7 34. Kf2 Kd6 35. Ke3 a3 36. Kd4 a2 37. Bxa2 Nxa2 38. g4 Nb4 39. c4 Nc6+
40. Ke4 Ne5 41. h4 Nxc4 42. Kf5 Ke7 43. Kg6 Kf8 44. f4 Ne3 45. g5 fxg5 46. hxg5
Nd5 47. Kf5 Kf7 48. Ke5 Kg6 49. Kxd5 Kf5 50. g6 Kxf4 51. Ke6 Kg5 52. Ke5 Kxg6
53. Kf4 Kh5 54. Kg3 Kg5 55. Kg2 Kg4 56. Kg1 Kg3 57. Kf1 g5 0-1

[Event "41. Torneo Internacional de La Roda"]
[Site "La Roda ESP"]
[Date "2014.04.16"]
[Round "1.8"]
[White "Forcen Esteban, Daniel"]
[Black "Calvo Simon, Jorge"]
[Result "1-0"]
[WhiteElo "2498"]
[BlackElo "1882"]
[PlyCount "93"]
[EventDate "2014.04.16"]
[EventType "swiss"]
[EventRounds "9"]
[EventCountry "ESP"]
[Source "lmi"]
[SourceDate "2014.04.16"]

1. e4 c5 2. Nc3 g6 3. Nf3 Bg7 4. d4 cxd4 5. Nxd4 Nc6 6. Be3 Nf6 7. Nxc6 bxc6 8.
e5 Ng8 9. f4 Nh6 10. Bd3 d5 11. exd6 exd6 12. Qf3 O-O 13. O-O Qc7 14. Nb5 Qd7
15. f5 Nxf5 16. Bxf5 Qxf5 17. Qxc6 Bd7 18. Qxa8 Rxa8 19. Rxf5 Bxf5 20. c3 Rb8
21. Nxd6 Rxb2 22. Nxf5 gxf5 23. Rc1 Rxa2 24. c4 Ra3 25. Bf2 Rd3 26. Bxa7 Bd4+
27. Bxd4 Rxd4 28. c5 Rd7 29. c6 Rc7 30. Kf2 Kf8 31. Ke3 Ke7 32. Kf4 Kf6 33. Rc5
Ke6 34. Kg5 f6+ 35. Kf4 h6 36. g3 h5 37. h4 Kd6 38. Rc1 Ke6 39. Rc2 Ke7 40.
Kxf5 Kf7 41. Rc3 Ke7 42. Kg6 Ke6 43. Kxh5 Kf5 44. Rc5+ Ke6 45. Kg6 Kd6 46. Rc2
Ke6 47. h5 1-0

[Event "41. Torneo Internacional de La Roda"]
[Site "La Roda ESP"]
[Date "2014.04.16"]
[Round "1.9"]
[White "Redondo Benavente, Jose Carlos"]
[Black "Paunovic, Dragan"]
[Result "0-1"]
[WhiteElo "1882"]
[BlackElo "2497"]
[PlyCount "70"]
[EventDate "2014.04.16"]
[EventType "swiss"]
[EventRounds "9"]
[EventCountry "ESP"]
[Source "lmi"]
[SourceDate "2014.04.16"]

1. e4 c5 2. Nf3 a6 3. d4 cxd4 4. Nxd4 Nf6 5. Nc3 e5 6. Nf3 Bb4 7. Bd2 d6 8. Bd3
O-O 9. h3 Nbd7 10. O-O b5 11. Re1 Bb7 12. a4 Bxc3 13. Bxc3 bxa4 14. Rxa4 Nc5
15. Ba5 Qe7 16. Rb4 Nh5 17. Nd2 Nf4 18. Bf1 f5 19. g3 Nfe6 20. exf5 Rxf5 21.
Nc4 Ng5 22. Bg2 Bxg2 23. Kxg2 Raf8 24. f4 Nge4 25. Rxe4 Nxe4 26. Qd5+ Kh8 27.
Qxe4 d5 28. Qxd5 exf4 29. Qd2 fxg3 30. Bb6 h6 31. Kxg3 Rf3+ 32. Kh2 Qh4 33. Qg2
Qf4+ 34. Kh1 Rg3 35. Na3 Qc1+ 0-1

[Event "41. Torneo Internacional de La Roda"]
[Site "La Roda ESP"]
[Date "2014.04.16"]
[Round "1.10"]
[White "Plaskett, H James"]
[Black "Zamora Beamud, Andres"]
[Result "1-0"]
[WhiteElo "2496"]
[BlackElo "1879"]
[PlyCount "73"]
[EventDate "2014.04.16"]
[EventType "swiss"]
[EventRounds "9"]
[EventCountry "ESP"]
[Source "lmi"]
[SourceDate "2014.04.16"]

1. e4 e5 2. Nf3 Nc6 3. Bb5 a6 4. Ba4 b5 5. Bb3 Nf6 6. d4 exd4 7. e5 Ne4 8. Bd5
Bb4+ 9. Kf1 f5 10. c3 dxc3 11. a4 Rb8 12. bxc3 Bc5 13. Qc2 Nxf2 14. Ba3 Qe7 15.
Bxc6 dxc6 16. Bxc5 Ng4 17. Bxe7 Ne3+ 18. Kf2 Nxc2 19. Ra2 Kxe7 20. Rxc2 c5 21.
axb5 axb5 22. c4 b4 23. Nbd2 Rb6 24. Nb3 Rc6 25. Ra1 Be6 26. Ra5 Rb8 27. Nfd2
f4 28. Rxc5 Rxc5 29. Nxc5 Bf5 30. Rb2 g5 31. Na6 Rb6 32. Nxc7 Rb7 33. Nd5+ Ke6
34. Nf3 Bd3 35. Nxg5+ Kxe5 36. Nxb4 Bxc4 37. Nc6+ 1-0

[Event "41. Torneo Internacional de La Roda"]
[Site "La Roda ESP"]
[Date "2014.04.16"]
[Round "1.11"]
[White "Gomez Sanjuan, Hector Fernando"]
[Black "Arribas Lopez, Angel"]
[Result "0-1"]
[WhiteElo "1879"]
[BlackElo "2476"]
[PlyCount "54"]
[EventDate "2014.04.16"]
[EventType "swiss"]
[EventRounds "9"]
[EventCountry "ESP"]
[Source "lmi"]
[SourceDate "2014.04.16"]

1. d4 e6 2. c4 Nf6 3. Nc3 Bb4 4. Qc2 d5 5. cxd5 exd5 6. Bg5 h6 7. Bh4 c5 8.
dxc5 Nc6 9. O-O-O g5 10. Bg3 Qa5 11. Kb1 Bxc3 12. Qxc3 Qxc3 13. bxc3 Ne4 14.
Kb2 Nxc5 15. Nf3 b5 16. e3 Na4+ 17. Kc2 Bf5+ 18. Bd3 Bxd3+ 19. Rxd3 Rc8 20. Rb1
b4 21. Ne5 a5 22. c4 Nxe5 23. Bxe5 f6 24. Bxf6 O-O 25. Be5 Rxf2+ 26. Rd2 Rxc4+
27. Kd3 Nc5# 0-1

[Event "41. Torneo Internacional de La Roda"]
[Site "La Roda ESP"]
[Date "2014.04.16"]
[Round "1.12"]
[White "Campora, Daniel H"]
[Black "Lianes Garcia, Marcos"]
[Result "1-0"]
[WhiteElo "2458"]
[BlackElo "1877"]
[PlyCount "95"]
[EventDate "2014.04.16"]
[EventType "swiss"]
[EventRounds "9"]
[EventCountry "ESP"]
[Source "lmi"]
[SourceDate "2014.04.16"]

1. e4 e6 2. d4 d5 3. Nd2 c5 4. Ngf3 Nc6 5. exd5 exd5 6. Bb5 a6 7. Bxc6+ bxc6 8.
O-O Bd6 9. Re1+ Ne7 10. dxc5 Bxc5 11. Nb3 Bd6 12. Be3 Qc7 13. Bc5 O-O 14. Qd4
Nf5 15. Qc3 Bd7 16. Bxd6 Nxd6 17. Nc5 Bf5 18. Nd4 Bg6 19. Re2 Rfc8 20. Rae1 Ne4
21. Nxe4 dxe4 22. Qc5 Qa7 23. Nb3 f5 24. Rd2 a5 25. Qc3 a4 26. Red1 Qe7 27. Rd7
Rd8 28. Qxc6 Rxd7 29. Rxd7 Qe8 30. Qd5+ Kh8 31. Qd4 Bf7 32. Nc5 Rc8 33. h4 Qf8
34. Nxa4 Be6 35. Rd6 Bg8 36. Nc5 f4 37. Ne6 Bxe6 38. Rxe6 e3 39. fxe3 f3 40.
Qf4 Qc5 41. Qxf3 Qxc2 42. Qe4 Qd1+ 43. Kh2 Qh5 44. Re5 Qf7 45. Re7 Qh5 46. Kh3
Rf8 47. Qg4 Qh6 48. Qg5 1-0

[Event "41. Torneo Internacional de La Roda"]
[Site "La Roda ESP"]
[Date "2014.04.16"]
[Round "1.13"]
[White "Munoz Pelaez, Manuel"]
[Black "Rubio Mejia, Luis Ignacio"]
[Result "0-1"]
[WhiteElo "1876"]
[BlackElo "2457"]
[PlyCount "92"]
[EventDate "2014.04.16"]
[EventType "swiss"]
[EventRounds "9"]
[EventCountry "ESP"]
[Source "lmi"]
[SourceDate "2014.04.16"]

1. e4 c5 2. Nf3 e6 3. d4 cxd4 4. Nxd4 Nc6 5. Nc3 Qc7 6. Be3 a6 7. Qd2 Nf6 8. f3
Bb4 9. g4 Ne5 10. g5 Nh5 11. O-O-O b5 12. Kb1 Be7 13. Rg1 Rb8 14. f4 Nc4 15.
Bxc4 bxc4 16. Nde2 Qb7 17. b3 a5 18. Qd4 cxb3 19. cxb3 O-O 20. f5 Re8 21. Nf4
Nxf4 22. Bxf4 d6 23. e5 d5 24. g6 fxg6 25. f6 Bf8 26. h4 Qb4 27. h5 Qxd4 28.
Rxd4 gxh5 29. Bh6 g6 30. Bxf8 Kxf8 31. Na4 Kf7 32. Rc1 Rb7 33. Rc5 Bd7 34. Rxa5
Bxa4 35. Rdxa4 g5 36. Ra7 Reb8 37. R4a6 h4 38. Rxb7+ Rxb7 39. Rc6 g4 40. Rc1 h3
41. Rh1 h5 42. Kc2 Ra7 43. a4 h4 44. Kd2 g3 45. Ke2 g2 46. Rg1 Kf8 0-1

[Event "41. Torneo Internacional de La Roda"]
[Site "La Roda ESP"]
[Date "2014.04.16"]
[Round "1.14"]
[White "Barria Zuniga, Daniel"]
[Black "Garcia Porlan, Beatriz"]
[Result "1/2-1/2"]
[WhiteElo "2452"]
[BlackElo "1874"]
[PlyCount "61"]
[EventDate "2014.04.16"]
[EventType "swiss"]
[EventRounds "9"]
[EventCountry "ESP"]
[Source "lmi"]
[SourceDate "2014.04.16"]

1. d4 d5 2. c4 c6 3. Nf3 Nf6 4. Nc3 a6 5. cxd5 cxd5 6. Bf4 e6 7. e3 Nh5 8. Bg3
Nxg3 9. hxg3 Nd7 10. Bd3 Bd6 11. Rc1 b5 12. a4 b4 13. Ne2 Bb7 14. Nf4 Nf6 15.
Ne5 Rc8 16. Nh5 Nxh5 17. Rxh5 Rxc1 18. Qxc1 h6 19. Bxa6 Bxa6 20. Qc6+ Ke7 21.
Qxa6 Bxe5 22. dxe5 Qc7 23. Rh4 Qc1+ 24. Ke2 Rc8 25. Qb7+ Ke8 26. Qb5+ Kd8 27.
Qb6+ Ke8 28. Qb5+ Kd8 29. Qb6+ Ke8 30. Qb5+ Kd8 31. Qb6+ 1/2-1/2

[Event "41. Torneo Internacional de La Roda"]
[Site "La Roda ESP"]
[Date "2014.04.16"]
[Round "1.15"]
[White "Martin Espeja, Jorge J"]
[Black "Antoli Royo, Joaquin Miguel"]
[Result "0-1"]
[WhiteElo "1859"]
[BlackElo "2410"]
[PlyCount "82"]
[EventDate "2014.04.16"]
[EventType "swiss"]
[EventRounds "9"]
[EventCountry "ESP"]
[Source "lmi"]
[SourceDate "2014.04.16"]

1. e4 c5 2. Nf3 d6 3. c3 Nf6 4. h3 Nc6 5. Bd3 d5 6. e5 c4 7. Bc2 Ne4 8. d4 cxd3
9. Qxd3 e6 10. Nbd2 Nc5 11. Qe2 b6 12. Nd4 Qd7 13. N2f3 Ba6 14. Qd1 Rc8 15. a4
Nxd4 16. Nxd4 Qc7 17. f4 Be7 18. Kf2 Ne4+ 19. Bxe4 dxe4 20. Re1 Bd3 21. Qg4 g6
22. Be3 O-O 23. h4 h5 24. Qh3 Kg7 25. Qg3 Kh7 26. Qh3 Rh8 27. Qg3 a6 28. Rh1
Qc4 29. Qh3 Bc5 30. Rad1 Rhd8 31. Rd2 Rg8 32. g4 Rcd8 33. f5 gxf5 34. gxf5 Rg4
35. Rg1 Rdg8 36. Rxg4 Rxg4 37. fxe6 Bxd4 38. Rxd3 Qxd3 39. cxd4 fxe6 40. Ke1
Rg1+ 41. Kf2 Rc1 0-1

[Event "41. Torneo Internacional de La Roda"]
[Site "La Roda ESP"]
[Date "2014.04.16"]
[Round "1.16"]
[White "Suba, Mihai"]
[Black "Fernandez Calzada, Juan A"]
[Result "1-0"]
[WhiteElo "2401"]
[BlackElo "1852"]
[PlyCount "58"]
[EventDate "2014.04.16"]
[EventType "swiss"]
[EventRounds "9"]
[EventCountry "ESP"]
[Source "lmi"]
[SourceDate "2014.04.16"]

1. Nc3 c5 2. e4 a6 3. g3 g6 4. Bg2 Bg7 5. d3 Nc6 6. Nge2 e6 7. O-O Nge7 8. Be3
d6 9. Qd2 Nd4 10. Nd1 Nec6 11. c3 Nxe2+ 12. Qxe2 O-O 13. Qd2 Re8 14. Bh6 Ne5
15. Bxg7 Kxg7 16. f4 Ng4 17. h3 Nh6 18. g4 f5 19. g5 Nf7 20. Ne3 h6 21. h4 hxg5
22. hxg5 Bd7 23. exf5 exf5 24. Nd5 Bc6 25. Rae1 Bxd5 26. Bxd5 Qd7 27. d4 Rad8
28. c4 b5 29. Qc3 bxc4 1-0

[Event "41. Torneo Internacional de La Roda"]
[Site "La Roda ESP"]
[Date "2014.04.16"]
[Round "1.17"]
[White "Antunez Munoz, Juan Jesus"]
[Black "Dias, Paulo"]
[Result "0-1"]
[WhiteElo "1848"]
[BlackElo "2401"]
[PlyCount "54"]
[EventDate "2014.04.16"]
[EventType "swiss"]
[EventRounds "9"]
[EventCountry "ESP"]
[Source "lmi"]
[SourceDate "2014.04.16"]

1. e4 e5 2. Nf3 Nc6 3. Bb5 Nf6 4. Qe2 d6 5. c3 Bd7 6. O-O g6 7. d3 Bg7 8. Na3
O-O 9. Bd2 Qe7 10. Rae1 a6 11. Bc4 Na5 12. h3 b5 13. Bb3 Nxb3 14. axb3 c5 15.
Nc2 Nh5 16. b4 Bc6 17. Nh2 Rfe8 18. Ng4 Nf4 19. Bxf4 exf4 20. Qd2 f3 21. Nh6+
Kf8 22. Qf4 g5 23. Qxf7+ Qxf7 24. Nxf7 Kxf7 25. gxf3 Kg6 26. d4 cxd4 27. Rd1
Rf8 0-1

[Event "41. Torneo Internacional de La Roda"]
[Site "La Roda ESP"]
[Date "2014.04.16"]
[Round "1.18"]
[White "Ramiro Ovejero, Juan Luis"]
[Black "Sebastian Cantarino, Adrian"]
[Result "1-0"]
[WhiteElo "2382"]
[BlackElo "1847"]
[PlyCount "41"]
[EventDate "2014.04.16"]
[EventType "swiss"]
[EventRounds "9"]
[EventCountry "ESP"]
[Source "lmi"]
[SourceDate "2014.04.16"]

1. e4 c5 2. Nf3 d6 3. Bb5+ Bd7 4. Bxd7+ Qxd7 5. O-O Nc6 6. c3 Nf6 7. d4 Nxe4 8.
d5 Ne5 9. Re1 Nf6 10. Nxe5 dxe5 11. Rxe5 e6 12. c4 Be7 13. Qe2 Rd8 14. Nc3 exd5
15. Bg5 Kf8 16. Re1 Re8 17. Bxf6 gxf6 18. Rxd5 Qc8 19. Rd3 f5 20. Re3 Qd8 21.
Nd5 1-0

[Event "41. Torneo Internacional de La Roda"]
[Site "La Roda ESP"]
[Date "2014.04.16"]
[Round "1.19"]
[White "Ferreira, Hugo Miguel Da Cost"]
[Black "Garcia, Jhoel"]
[Result "0-1"]
[WhiteElo "1846"]
[BlackElo "2367"]
[PlyCount "84"]
[EventDate "2014.04.16"]
[EventType "swiss"]
[EventRounds "9"]
[EventCountry "ESP"]
[Source "lmi"]
[SourceDate "2014.04.16"]

1. d4 Nf6 2. e3 g6 3. f4 Bg7 4. Nf3 d6 5. Be2 c5 6. O-O Qb6 7. c3 Nc6 8. Qb3
Qc7 9. Bd2 O-O 10. Be1 Ng4 11. Bf2 Nxf2 12. Rxf2 e5 13. fxe5 dxe5 14. d5 Na5
15. Qc2 Bh6 16. Qd2 c4 17. Bf1 Qc5 18. Re2 Bg4 19. Re1 Rad8 20. Qf2 Rxd5 21.
Nbd2 f5 22. h3 Bh5 23. Rac1 Rfd8 24. Rc2 b5 25. b4 cxb3 26. axb3 Bxf3 27. Nxf3
Qb6 28. c4 bxc4 29. bxc4 Rd1 30. c5 Qb3 31. Rb2 Qa3 32. Rxd1 Rxd1 33. Rb8+ Kg7
34. Kh2 Qxe3 35. Qe2 Qxe2 36. Bxe2 Rc1 37. Re8 e4 38. Nd4 Be3 39. Re7+ Kf6 40.
Rxa7 Bxd4 41. Rxa5 Be5+ 42. g3 Rc2 0-1

[Event "41. Torneo Internacional de La Roda"]
[Site "La Roda ESP"]
[Date "2014.04.16"]
[Round "1.20"]
[White "Aguera Naredo, Javier"]
[Black "Marco Francisco, Miriam"]
[Result "1-0"]
[WhiteElo "2362"]
[BlackElo "1843"]
[PlyCount "119"]
[EventDate "2014.04.16"]
[EventType "swiss"]
[EventRounds "9"]
[EventCountry "ESP"]
[Source "lmi"]
[SourceDate "2014.04.16"]

1. e4 d5 2. exd5 Qxd5 3. Nc3 Qd6 4. d4 c6 5. Nf3 Nf6 6. Ne5 Nbd7 7. Nc4 Qc7 8.
g3 Nb6 9. Ne5 e6 10. Bg2 Bd6 11. Qe2 O-O 12. O-O Nfd5 13. Ne4 Bxe5 14. dxe5
Qxe5 15. c4 f5 16. cxd5 fxe4 17. dxc6 bxc6 18. Bxe4 Qc7 19. Qc2 h6 20. Qxc6 Qf7
21. Qb5 Bd7 22. Qe2 Nd5 23. Be3 Rab8 24. Bd4 Bb5 25. Bd3 Bxd3 26. Qxd3 Nb4 27.
Qe4 a5 28. a3 Nd5 29. Qe5 Rb5 30. Rae1 Nc7 31. Qe4 Rd8 32. Be5 Nd5 33. Qc4 Rb7
34. Qc5 Ra7 35. Re4 Raa8 36. Bd4 Nf6 37. Rf4 Rd5 38. Qc3 Rf5 39. Rxf5 exf5 40.
Bxf6 Qxf6 41. Qxf6 gxf6 42. Rd1 Kg7 43. Rd5 Kg6 44. Rb5 a4 45. Rb4 Kg5 46. Kg2
Ra5 47. Kf3 Ra6 48. Ke3 Re6+ 49. Kd3 Rd6+ 50. Kc3 Rc6+ 51. Rc4 Ra6 52. b4 axb3
53. Kxb3 Re6 54. a4 Re2 55. Rf4 Re1 56. a5 Ra1 57. h4+ Kg6 58. Ra4 Rb1+ 59. Kc4
Rc1+ 60. Kb5 1-0

[Event "41. Torneo Internacional de La Roda"]
[Site "La Roda ESP"]
[Date "2014.04.17"]
[Round "2.1"]
[White "Peralta, Fernando"]
[Black "Uran Bermudez, Oliver Kevin"]
[Result "1-0"]
[WhiteElo "2615"]
[BlackElo "2167"]
[PlyCount "45"]
[EventDate "2014.04.16"]
[EventType "swiss"]
[EventRounds "9"]
[EventCountry "ESP"]
[Source "lmi"]
[SourceDate "2014.04.16"]

1. d4 d5 2. c4 e6 3. Nc3 Nf6 4. cxd5 exd5 5. Bg5 h6 6. Bxf6 gxf6 7. e3 c6 8.
Bd3 Be6 9. Nge2 Bd6 10. Ng3 Qb6 11. Rb1 Na6 12. O-O Nb4 13. Be2 a5 14. a3 Na6
15. Bd3 Kd7 16. Qf3 Qd8 17. Nf5 Qg8 18. e4 Nc7 19. Nxd6 Kxd6 20. Qf4+ Kd7 21.
Na4 Qg4 22. Nb6+ Kd8 23. Qxf6+ 1-0

[Event "41. Torneo Internacional de La Roda"]
[Site "La Roda ESP"]
[Date "2014.04.17"]
[Round "2.2"]
[White "Rodriguez Garcia, Manuel Fco"]
[Black "Perez Candelario, Manuel"]
[Result "0-1"]
[WhiteElo "2160"]
[BlackElo "2561"]
[PlyCount "82"]
[EventDate "2014.04.16"]
[EventType "swiss"]
[EventRounds "9"]
[EventCountry "ESP"]
[Source "lmi"]
[SourceDate "2014.04.16"]

1. d4 d6 2. Nf3 g6 3. g3 Bg7 4. Bg2 Nd7 5. c4 e5 6. Nc3 Ne7 7. O-O O-O 8. e4
exd4 9. Nxd4 Nc6 10. Nde2 Nc5 11. Rb1 Bg4 12. h3 Bxe2 13. Nxe2 Re8 14. Nc3 a5
15. Be3 a4 16. Qc2 Nb4 17. Qd2 a3 18. b3 c6 19. Bd4 Bf8 20. Ne2 Nba6 21. Ba1
Nxe4 22. Bxe4 Rxe4 23. Qc3 f6 24. Rfe1 Bg7 25. Nf4 Rxe1+ 26. Rxe1 Nc7 27. Qb4
b5 28. cxb5 cxb5 29. Rd1 d5 30. Qc5 Bf8 31. Qd4 Ra6 32. Nxd5 Rd6 33. Nxf6+ Kf7
34. Qxd6 Bxd6 35. Ne4 Ne8 36. Be5 Qe7 37. Nxd6+ Nxd6 38. Bxd6 Qe2 39. Rc1 Qxa2
40. Rc7+ Ke6 41. Bc5 Qxb3 0-1

[Event "41. Torneo Internacional de La Roda"]
[Site "La Roda ESP"]
[Date "2014.04.17"]
[Round "2.3"]
[White "Burmakin, Vladimir"]
[Black "Martins, David Pires Tavares"]
[Result "1-0"]
[WhiteElo "2561"]
[BlackElo "2167"]
[PlyCount "61"]
[EventDate "2014.04.16"]
[EventType "swiss"]
[EventRounds "9"]
[EventCountry "ESP"]
[Source "lmi"]
[SourceDate "2014.04.16"]

1. Nf3 f5 2. d4 Nf6 3. g3 g6 4. Bg2 Bg7 5. c4 O-O 6. Nc3 d6 7. d5 c6 8. Nd4 e5
9. dxe6 Re8 10. O-O Bxe6 11. Nxe6 Rxe6 12. Rb1 a5 13. Bg5 h6 14. Bf4 Na6 15.
Qd2 Kh7 16. Rbd1 Qe8 17. Qc2 Qe7 18. Qa4 g5 19. Bc1 Nc5 20. Qc2 Nfe4 21. Nxe4
fxe4 22. Be3 Kh8 23. Bxc5 dxc5 24. e3 b6 25. Bh3 Re5 26. Rd7 Qe8 27. Rfd1 Re7
28. R7d6 Be5 29. Bd7 Qf8 30. Rxc6 Qg7 31. Bf5 1-0

[Event "41. Torneo Internacional de La Roda"]
[Site "La Roda ESP"]
[Date "2014.04.17"]
[Round "2.4"]
[White "Buendia Pinar, Alvaro"]
[Black "Matamoros Franco, Carlos S"]
[Result "0-1"]
[WhiteElo "2151"]
[BlackElo "2537"]
[PlyCount "74"]
[EventDate "2014.04.16"]
[EventType "swiss"]
[EventRounds "9"]
[EventCountry "ESP"]
[Source "lmi"]
[SourceDate "2014.04.16"]

1. d4 Nf6 2. c4 c5 3. d5 b5 4. cxb5 a6 5. b6 d6 6. Nc3 Nbd7 7. Nf3 Rb8 8. Nd2
Nxb6 9. e4 g6 10. a4 Bg7 11. a5 Na8 12. Nc4 O-O 13. Be2 Nc7 14. Nb6 Bd7 15. e5
Nfe8 16. exd6 exd6 17. O-O Bb5 18. Bxb5 axb5 19. Qf3 Na8 20. Nxa8 Rxa8 21. Nxb5
Rxa5 22. Rxa5 Qxa5 23. Na3 Nc7 24. Nc4 Qa6 25. b3 Nb5 26. Qg3 Re8 27. Be3 Qa8
28. Nxd6 Be5 29. Nxe8 Bxg3 30. Nf6+ Kg7 31. fxg3 Nd4 32. g4 Ne2+ 33. Kh1 Qa6
34. Ne4 Qd3 35. Bg5 Qxe4 36. Bf6+ Kg8 37. d6 Nf4 0-1